00386 2200157 4500245005100000020002200051250001100073100002000084650001600104005001900120260003100139041001400170084000800184300002700192336000900219 aRaisha dan Trisula RajacT. F. KurniawanhText a978-602-9251-46-3 aCet. 1 aT. F. Kurniawan aNovel Fiksi a20230109142646 aSolobTiga Serangkaic2018 aIndonesia a813 aiv, 172 hlm. :c20 cm. atext